02271naa a2200229 a 450000100080000000500110000800800410001910000230006024501000008326000090018352015900019265300120178265300190179465300140181365300220182765300180184970000190186770000240188670000210191070000210193177300890195210657452009-08-25 2003 bl uuuu u00u1 u #d1 aOLIVEIRA, A. T. de aProdutividade de gen??tipos de maracujazeiro azedo sob doses de pot??ssio, no Distrito Federal. c2003 aObjetivando avaliar o efeito de tr??s diferentes n??veis de aduba????o pot??ssica sobre a produ????o do maracujazeiro azedo (Passiflora edulis Sims e P. edulis Sims f. flavicarpa Deg.), foi realizado um experimento na Fazenda ??gua Limpa da Universidade de Bras??lia de dezembro/1999 a maio/2001, utilizando-se o delineamento em blocos casualizados, em esquema fatorial 9x3, sendo nove gen??tipos e tr??s n??veis de aduba????o pot??ssica, totalizando 27 tratamentos, quatro repeti????es e nove plantas ??teis/parcela. Os gen??tipos avaliados foram: H??brido EC-2-0; Mar??lia Sele????o Cerrado; F1 (Roxo Fiji x Mar??lia); Porto Rico; Vermelh??o (RC1); F1 (Mar??lia x Roxo australiano); Redond??o; IAC-273 e Itaquira??. Os tr??s n??veis de aduba????o pot??ssica aplicados foram de 0, 640 e 1280 kg de K2O ha-1, utilizando-se como fonte o cloreto de pot??ssio. Ao final de cinco meses de colheita os gen??tipos h??brido EC-2-0 e Mar??lia Sele????o Cerrado foram os que apresentaram as maiores produ????es (21.675 e 21.577 kg ha-??) e maiores n??meros de frutos por planta (155,28 e 149,24), respectivamente. O peso m??dio de fruto variou de 88g (Itaquira??) at?? 103,42g (F1 - Mar??lia x Roxo Australiano). As doses de aduba????o pot??ssica influenciaram as seguintes vari??veis estudadas: produ????o de frutos de primeira ha-??; produ????o frutos totais ha-1; peso m??dio de frutos de primeira e peso m??dio de frutos 1A. A intera????o gen??tipos x aduba????o pot??ssica apresentou diferen??a estat??stica para o n??mero de frutos de primeira/planta para uma dosagem de 640 kg K2O ha-??. aCerrado aFertiliza????o aMaracuj?? aPassiflora edulis aProdutividade1 aPEIXOTO, J. R.1 aJUNQUEIRA, N. T. V.1 aRANGEL, L. E. P.1 aFORTALEZA, J. M. tRevista Brasileira de Fruticultura, Jaboticabalgv. 25, n. 3, p. 464-467, dez. 2003.